000 00716nam a2200205 i 4500
001 175563
003 ES-MaACL
005 20230906215844.0
008 101108s1967 sp a |||| | spa d
080 _a373.3:371.32
110 2 _aHermandad de Inspectores de Enseñanza Primaria (España)
_94565
245 1 0 _aActividades escolares /
_c[Hermandad de Inspectores de Enseñanza Primaria].
260 _aMadrid :
_bParaninfo,
_c1967.
300 _a183 p. :
_bil. ;
_c22 cm.
490 1 _aBiblioteca auxiliar de educación ;
_v7
650 0 4 _aEnseñanza-
_xPlanificación.
_912297
830 0 _aBiblioteca auxiliar de educación ;
_v7
_9189810
852 _aES-MaACL
_jE-13452
_xOlim P-13452
999 _c175563
_d175563